Envidia y gratitud: emociones básicas del hombre

Gardado en:
Detalles Bibliográficos
Autor Principal: Klein, Melanie (Author)
Formato: Libro
Idioma:Lingua castelá
Publicado: Buenos Aires Ediciones Hormé S. A. E 1971
Edición:2a. ed
Series:Biblioteca Psicología de Hoy, 68
Subjects:
Tags: Engadir etiqueta
Sen Etiquetas, Sexa o primeiro en etiquetar este rexistro!

MARC

LEADER 00000cam a2200000 a 4500
001 UCC6972
003 CL-VaPUC
008 190125e19710000ag |||||||||||||||||spa|d
082 0 4 |a 152.4  |b KLE  |2 21 
100 1 |a Klein, Melanie  |e author  |9 307894 
245 1 0 |a Envidia y gratitud: emociones básicas del hombre 
250 |a 2a. ed 
300 |a 156 p 
942 |c BK 
945 |d 20190125 15:54:00  |a dcastane 
260 |a Buenos Aires  |b Ediciones Hormé S. A. E  |c 1971 
650 0 |a Psicología   |9 257863 
650 0 |a Virtud y vicio  |9 310637 
650 0 |a Psicología del niño  |9 307305 
650 0 |a Desarrollo mental   |9 313003 
583 |a last modification  |c 20190125 15:54:00  |k Rodrigo Vera 
490 0 |a Biblioteca Psicología de Hoy, 68 
999 |c 373786  |d 373784 
952 |0 0  |1 0  |3 erb  |4 0  |6 152_400000000000000_KLE_1971  |7 0  |8 C  |9 492015  |a BIBCUR  |b BIBCUR  |i 5531608  |l 1  |o 152.4 KLE 1971  |p 5531608  |r 2025-04-22  |s 2022-04-22  |w 2019-11-24  |y BK  |z Catalogado en:20190125  |k CAC